00679nam a22002057a 450000500170000001000330001702000280005003500170007803500130009503500130010803700150012103700130013608200110014910000180016024501080017826000460028627000660033230000250039850000500042320180228104100.0 a1617EN ENG-116229  a9780199466740c750.00  aB-650008-014 aEN-99761 aB-664912 bUppaladpl bDBAD/PUB a883.08 aMirza, Maryam aIntimate class acts:bfriendship and desire in Indian and Pakistani women's fiction / cby Maryam Mirza aNew Delhi bOxford University Pressc2016 aYMCA Library Building, 1 Jai Singh Road, bNew Delhi e110001 axxx, 336p.c22cm(Hb) aIncludes bibliographical references and index